000 00474nam a2200205Ia 4500
003 0100
008 130307s9999 xx 000 0 und d
040 _cARRUPELIB
050 _aB3376.W563P53 1980
100 _aBaker G. P. and Hacker, P. M. S
245 _aWiittgenstein
245 _bMeaning and understanding
260 _bBasil Blackwell
260 _c1980
300 _axxv
300 _b374p. 22cm.
650 _bComedy
650 _cLaughter
942 0 0 _03
999 _c94276
_d94276